000 00427cam a2200181ua 4500
001 3949
008 111209n ii |||gr||||Z||||||asm
040 _cMAIN
082 _a891.4511
100 1 _aGogoi, Manik,
245 1 1 _aNishi parabhat
_cby Manik Gogoi
250 _a1st.
260 _aNaharkatiya:
_bAsom sahitya sabha,997.
300 _a74p:
_c23cm.
653 _aAssamese poem
653 _aNishi parabhat
942 _cBK
999 _c3771
_d3771